Online Public Access Catalogue

Urinary tract infections, calculi, and tubular disorders (Record no. 12652)

MARC details
000 -LEADER
fixed length control field 00207nam a22000857a 4500
082 ## - DEWEY DECIMAL CLASSIFICATION NUMBER
Classification number 616.6
Author Mark WAL
100 ## - MAIN ENTRY--PERSONAL NAME
Author Name Walls, John
245 ## - TITLE STATEMENT
Title Urinary tract infections, calculi, and tubular disorders
942 ## - ADDED ENTRY ELEMENTS (KOHA)
Source of classification or shelving scheme
Koha item type Books
952 ## - LOCATION AND ITEM INFORMATION (KOHA)
-- 2022-10-26
Holdings
Item status Home library Current library Shelving location Date acquired Total Checkouts Full call number Barcode Date last seen Koha item type
  Islamabad Medical and Dental College Islamabad Medical and Dental College Islamabad Medical and Dental College 26/10/2022   616.6 WAL G-383 26/10/2022 Books

Copyright @ IMDC Library
Islamabad Medical and Dental College
Bhara Kahu, Islamabad

  Contact the Librarian, IMDC
  Email:: library@imdcollege.edu.pk

  OPAC Customized by
  Mazhar Hussain,
  Librarian:
  Islamabad Medical and Dental College
  Email:: library@imdcollege.edu.pk